000 00431nam a22001697a 4500
003 MPLRDC
005 20220104172250.0
008 210129b ||||| |||| 00| 0 eng d
082 _a739.1 MOO
100 _aJOANNA MOORE
245 _aDISCOVERING THE PHILIPPINES
_c
250 _a初版
260 _a
_bMCGRAW-HILL FAR EASTERN PUBLISHERS
_c1971
300 _b
650 _a南洋群岛--菲律宾
942 _cBK
_o739.1 MOO
999 _c58854
_d58844